|
|
|
|
| LEADER |
01625nam a2200313 i 4500 |
| 001 |
28028 |
| 003 |
BD-DhAAL |
| 005 |
20140612155652.0 |
| 008 |
140612s2013 mauab b 001 0 eng |
| 010 |
|
|
|a 2013010984
|
| 020 |
|
|
|a 9780674724839 (hardcover : alk. paper)
|
| 040 |
|
|
|a DLC
|b eng
|c DLC
|e rda
|d BD-DhAAL
|
| 042 |
|
|
|a pcc
|
| 043 |
|
|
|a ab-----
|
| 050 |
0 |
0 |
|a JV8490
|b .A728 2013
|
| 082 |
0 |
0 |
|a 304.809182/4
|2 23
|
| 100 |
1 |
|
|a Amrith, Sunil S.,
|d 1979-
|9 5050
|
| 245 |
1 |
0 |
|a Crossing the Bay of Bengal :
|b the furies of nature and the fortunes of migrants /
|c Sunil S. Amrith.
|
| 260 |
|
|
|a Cambridge, Massachusetts :
|b Harvard University Press,
|c 2013
|
| 300 |
|
|
|a 353 pages :
|b illustrations, maps ;
|c 25 cm
|
| 504 |
|
|
|a Includes bibliographical references (pages 291-338) and index.
|
| 505 |
0 |
|
|a Prologue : the Bay of Bengal in history -- The life of the Bay of Bengal -- That vast sea's emporium -- Turbulent journeys, sacred geographies -- Human traffic -- Oceans' crossroads -- Crossings interrupted -- The pursuit of citizenship -- When the waters rise -- Epilogue : crossing the Bay of Bengal.
|
| 541 |
|
|
|e 28028
|
| 650 |
|
0 |
|a Asians
|x Migrations
|z Bengal, Bay of, Region
|x History
|y 19th century.
|9 5051
|
| 650 |
|
0 |
|a Immigrants
|z Bengal, Bay of, Region
|x History
|y 19th century.
|9 5052
|
| 651 |
|
0 |
|a Bengal, Bay of, Region.
|x Commerce
|x History
|y 19th century.
|9 5053
|
| 942 |
|
|
|2 ddc
|c BK
|
| 999 |
|
|
|c 14433
|d 14433
|
| 952 |
|
|
|0 0
|1 0
|2 ddc
|4 0
|6 304_809182400000000_AMR
|7 0
|9 24438
|a BRACUL
|b BRACUL
|c GEN
|d 2014-06-12
|e Karim International
|g 2220.00
|l 3
|m 5
|o 304.8091824 AMR
|p 3010028028
|q 2026-04-30
|r 2026-04-23
|s 2026-04-23
|t 1
|w 2014-06-12
|y BK
|